Anatomie du dormeur /

Salvato in:
Dettagli Bibliografici
Autore principale: Marot, Gerard (Autore)
Natura: Libro
Lingua:francese
Pubblicazione: [Poissy] : G. Marot, 1982
Tags: Aggiungi Tag
Nessun Tag, puoi essere il primo ad aggiungerne!!

MARC

LEADER 00000nam a22000007i 4500
001 IT\ICCU\UBO\3432140
003 ItRI
005 20260115231840.0
008 080604s1982 fr |||||| ||||| |||||c
020 |a 2903912009 
040 |b ita  |c importazione bologna sebina 
041 7 |a fre  |2 ISO-639-2 
100 1 |a Marot, Gerard  |0 IT\ICCU\CFIV\131286  |4 aut 
245 1 0 |a Anatomie du dormeur /  |c Gérard Marot ; texte de René Schérer. 
260 |a [Poissy] :  |b G. Marot,  |c 1982 
300 |a [58] p. :  |b in gran parte ill. ;  |c 28 cm. 
942 |2 ddc  |c BK  |n 0 
952 |0 0  |1 0  |4 0  |6 DOC_779_942000000000000_MAR  |7 0  |9 14187  |a BO  |b BO  |d 2026-01-15  |i 1050  |l 0  |o DOC 779.942 MAR  |p BO1050  |r 2026-01-15 23:18:40  |w 2026-01-15  |x [Sebina 7] [1 v.]  |y BK  |z 1 v. 
999 |c 12239  |d 12239